| 000 -LEADER |
| fixed length control field |
01646pam a2200277 a 4500 |
| 020 ## - INTERNATIONAL STANDARD BOOK NUMBER |
| International Standard Book Number |
0803109873 |
| 082 00 - DEWEY DECIMAL CLASSIFICATION NUMBER |
| Classification number |
628.36 |
| Author Mark |
CHE |
| -- |
L-23, P-68. |
| 245 00 - TITLE STATEMENT |
| Title |
Chemical and biological characterization of municipal sludges, sediments, dredge spoils, and drilling muds / |
| Statement of responsibility, etc. |
James J. Lichtenberg ... [et al.]. |
| 260 ## - PUBLICATION, DISTRIBUTION, ETC. |
| Place of publication, distribution, etc. |
Philadelphia, PA : |
| Name of publisher, distributor, etc. |
American Society for Testing and Materials, |
| Date of publication, distribution, etc. |
c1988. |
| 300 ## - PHYSICAL DESCRIPTION |
| Extent |
512 p. : |
| Other physical details |
ill., maps ; |
| Dimensions |
24 cm. |
| 490 1# - SERIES STATEMENT |
| Series statement |
ASTM special technical publications ; |
| 500 ## - GENERAL NOTE |
| General note |
"Papers presented at the Symposium on Chemical and Biological Characterization of Municipal Sludges, Sediments, Dredge Spoils, and Drilling Muds which was held in Cincinnati, OH, on 20-22 May 1986"--Foreword. |
| 500 ## - GENERAL NOTE |
| General note |
Sponsored by the Environmental Protection Agency laboratories: Environmental Monitoring and Support Laboratory and the Environmental Criteria and Assessment Office in cooperation with the Water Engineering Research Laboratory, all of Cincinnati, Ohio. |
| 526 ## - STUDY PROGRAM INFORMATION NOTE |
| Program name |
0 |
| Interest level |
0 |
| Reading level |
0 |
| Title point value |
628_360000000000000_CHE |
| 650 #0 - SUBJECT ADDED ENTRY--TOPICAL TERM |
| Topical term or geographic name entry element |
Health risk assessment |
| Geographic subdivision |
United States |
| General subdivision |
Congresses. |
| 9 (RLIN) |
44163 |
| 650 #0 - SUBJECT ADDED ENTRY--TOPICAL TERM |
| Topical term or geographic name entry element |
MCE |
| 9 (RLIN) |
379 |
| 650 #0 - SUBJECT ADDED ENTRY--TOPICAL TERM |
| Topical term or geographic name entry element |
Sewage disposal |
| General subdivision |
Environmental aspects |
| Geographic subdivision |
United States |
| General subdivision |
Congresses. |
| 9 (RLIN) |
44164 |
| 650 #0 - SUBJECT ADDED ENTRY--TOPICAL TERM |
| Topical term or geographic name entry element |
Sewage |
| General subdivision |
Analysis |
| -- |
Congresses. |
| 9 (RLIN) |
44165 |
| 650 #0 - SUBJECT ADDED ENTRY--TOPICAL TERM |
| Topical term or geographic name entry element |
Sewage |
| General subdivision |
Purification |
| -- |
Biological treatment |
| 9 (RLIN) |
2606 |
| 650 #0 - SUBJECT ADDED ENTRY--TOPICAL TERM |
| Topical term or geographic name entry element |
Water quality management |
| Geographic subdivision |
United States |
| 9 (RLIN) |
44166 |
| 700 1# - ADDED ENTRY--PERSONAL NAME |
| Personal name |
Lichtenberg, James J. |
| 9 (RLIN) |
44167 |
| 710 1# - ADDED ENTRY--CORPORATE NAME |
| Corporate name or jurisdiction name as entry element |
United States. |
| 9 (RLIN) |
21185 |
| 710 2# - ADDED ENTRY--CORPORATE NAME |
| Corporate name or jurisdiction name as entry element |
Environmental Monitoring and Support Laboratory (Cincinnati, Ohio) |
| 9 (RLIN) |
44168 |
| 710 2# - ADDED ENTRY--CORPORATE NAME |
| Corporate name or jurisdiction name as entry element |
Water Engineering Research Laboratory. |
| 9 (RLIN) |
44169 |
| 942 ## - ADDED ENTRY ELEMENTS (KOHA) |
| Source of classification or shelving scheme |
|
| Koha item type |
Book |